000 00510nam a2200193Ia 4500
005 20250423100658.0
008 250422s9999 xx 000 0 und d
020 _a9781259253874
050 _aHD 69 .L37/
100 _aLarson, Erik W.
245 0 _aProject management : the managerial process
250 _a7th ed.
260 _aNew York
260 _bMcGraw Hill Education
260 _c2018
300 _a659 p
650 _aProject management. Time management. Risk management.
942 _cBK
999 _c34034
_d34034